000 00892nam a22002057a 4500
999 _c11783
_d11783
003 AR-CdUCM
008 190405b ||||| |||| 00| 0 spa d
040 _aMUNICIPALIDAD PROVINCIAL DEL CUSCO
_cBIBLIOTECA MUNICIPAL DEL CUSCO
082 _a347.811 /
_bG32 / 1920
100 _aGay de Montella, R.
_929324
245 _aEl buque y el contrato de fletamento /
260 _aMadrid :
_bReus,
_c1920.
300 _a286 páginas ;
_c17 cm.
505 _aContenido : Del buque -- Que se entiende por buque en la legislación española -- Naturaleza jurídica del buque -- Modos de adquirir la propiedad del buque -- Momento en que deviene propietario del buque la persona que encarga su construcción y quien soporta los riesgos durante la misma ...
650 _aSociología
_9276
650 _aEl buque
_929325
650 _aDerecho
_9739
942 _2ddc
_cLIBROS
945 _arah
_d05/04/2019